Perfektní Gréci

Bibliographic Details
Main Author: Deary, Terry, 1946- (Author)
Other Authors: Brown, Martin (Illustrator), Nagyová, Jana, 1961- (Translator)
Format: Book
Language:Slovak
English
PhysicalDescription:128 s. ilustr. 20 cm
Published: Bratislava Egmont 1999
ISBN:8071349356
Series:Hrôzostrašná história
Subjects:

MARC

LEADER 00000cam a2200000 a 4500
001 vtls001362078
003 SK-MaSNL
005 20260301010718.0
008 160324s1999 xo a r 00000 slo
015 |a SNBA2000/04-01466 
020 |a 8071349356 
035 |a SNK000315667 
040 |a SNK  |b slo  |c SNK  |e AACR2 
041 1 |a slo  |h eng 
044 |a xo  |c SK 
080 |a 938(087.5)  |2 1981 
100 1 |a Deary, Terry,  |d 1946-  |4 aut  |9 191682 
245 1 0 |a Perfektní Gréci  |c Terry Deary ; ilustroval Martin Brown ; [z anglického originálu preložila Jana Nagyová] 
260 |a Bratislava  |b Egmont  |c 1999 
300 |a 128 s.  |b ilustr.  |c 20 cm 
490 1 |a Hrôzostrašná história 
650 0 7 |a staroveké Grécko  |x dejiny  |2 SNK  |9 64706 
655 7 |a populárno-náučné publikácie  |2 SNKPH  |9 70460 
700 1 |a Brown, Martin  |4 ill  |9 292963 
700 1 |a Nagyová, Jana,  |d 1961-  |4 trl  |9 230553 
830 0 |a Hrôzostrašná história  |9 292964 
919 |a 80-7134-935-6 
958 |a TL 
958 |a OP 
958 |a NS 
958 |a GB 
968 |b ENG 
999 |c 548892  |d 550822 
952 |t P60, <09>, [BOOK], {629}  |a SNK  |b SNK  |y NEVYP  |7 0  |o snkD 32  |i snk212/20000222  |0 0  |1 0  |4 0  |d 2000-02-16  |l 0  |r 2005-01-02 00:00:00  |w 2026-02-23 
952 |t P60, <03>, [BOOK], {603}  |a SNK  |b SNK  |y PREZ  |7 0  |p 17A0228579  |o snkSD 70649  |i snkKSP 2120/2000  |0 0  |1 0  |4 0  |d 2000-02-16  |l 0  |r 2005-01-02 00:00:00  |w 2026-02-23 
952 |t P60, <04>, [BOOK], {604}  |a SNK  |b SNK  |y VYP  |7 0  |p 17A0228580  |o snkSD 70649 D1  |i snkKSP 2121/2000  |0 0  |1 0  |4 0  |d 2000-02-16  |l 0  |r 2005-01-02 00:00:00  |w 2026-02-23